Statistics for Countries in Heart on map

Click here to take the quiz!

General Stats

  • This quiz has been taken 35 times
    (21 since last reset)
  • The average score is 19 of 25

Answers on the Map

Answers color-coded by a green-red scale on the quiz's map according to % correct below.
 

Answer Stats

Country% Correct
Russia
90%
India
85%
Saudi Arabia
85%
United Arab Emirates
85%
Afghanistan
80%
China
80%
Oman
80%
Bahrain
75%
Georgia
75%
Iran
75%
Iraq
75%
Mongolia
75%
Pakistan
75%
Qatar
75%
Turkmenistan
75%
Uzbekistan
75%
Armenia
70%
Kazakhstan
70%
Kuwait
70%
Nepal
70%
Syria
70%
Tajikistan
70%
Azerbaijan
65%
Turkey
65%
Kyrgyzstan
60%

Score Distribution

Percentile by Number Answered

Percent of People with Each Score

Your Score History

You have not taken this quiz since the last reset